00468nam a2200181Ia 4500003000400000005001700004008004100021020001800062040000700080041001200087082001800099100002500117245004700142260004700189300001600236365001700252650001700269OSt20250723114859.0210423s2008 xx 000 0 und d a9780521600866 cAL aEnglish a121.68 bGIBC aGIBBS (Raymond W) Ed aCambridge handbook of metaphor and thought aNew YorkbCambridge University Pressc2008 axiv,550bPB b4633.34cUSD aEpistemology